<?xml version="1.0" encoding="UTF-8"?>
<record
    xmlns:xsi="http://www.w3.org/2001/XMLSchema-instance"
    xsi:schemaLocation="http://www.loc.gov/MARC21/slim http://www.loc.gov/standards/marcxml/schema/MARC21slim.xsd"
    xmlns="http://www.loc.gov/MARC21/slim">

  <leader>00686nam a2200229 a 4500</leader>
  <controlfield tag="003">CO-ViMGA</controlfield>
  <controlfield tag="005">20230915225027.0</controlfield>
  <controlfield tag="008">081119s2008    sp ab  gr     00010 spa d</controlfield>
  <datafield tag="020" ind1=" " ind2=" ">
    <subfield code="a">9788434233119</subfield>
  </datafield>
  <datafield tag="040" ind1=" " ind2=" ">
    <subfield code="a">CO-ViMGA</subfield>
    <subfield code="b">spa</subfield>
    <subfield code="c">CO-ViMGA</subfield>
  </datafield>
  <datafield tag="082" ind1="0" ind2="4">
    <subfield code="a">R 330 </subfield>
    <subfield code="b">A71a </subfield>
    <subfield code="2">21</subfield>
  </datafield>
  <datafield tag="100" ind1="1" ind2=" ">
    <subfield code="a">Arb&#xF3;s Figueras, Eulalia.</subfield>
    <subfield code="9">956</subfield>
  </datafield>
  <datafield tag="245" ind1="1" ind2="0">
    <subfield code="a">Atlas b&#xE1;sico de econom&#xED;a / </subfield>
    <subfield code="c">Eul&#xE0;lia Arb&#xF3;s Figueras.</subfield>
  </datafield>
  <datafield tag="260" ind1="3" ind2=" ">
    <subfield code="a">Barcelona : </subfield>
    <subfield code="b">Parram&#xF3;n, </subfield>
    <subfield code="c">2008.</subfield>
  </datafield>
  <datafield tag="300" ind1=" " ind2=" ">
    <subfield code="a">96 p. : </subfield>
    <subfield code="b">il., mapas ; </subfield>
    <subfield code="c">28 cm.</subfield>
  </datafield>
  <datafield tag="650" ind1="1" ind2="4">
    <subfield code="a">Bolsa de valores.</subfield>
    <subfield code="9">959</subfield>
  </datafield>
  <datafield tag="650" ind1="1" ind2="4">
    <subfield code="a">Econom&#xED;a.</subfield>
    <subfield code="9">957</subfield>
  </datafield>
  <datafield tag="650" ind1="1" ind2="4">
    <subfield code="a">Sistema financiero.</subfield>
    <subfield code="9">958</subfield>
  </datafield>
  <datafield tag="650" ind1=" " ind2="6">
    <subfield code="a">Ciclos econ&#xF3;micos.</subfield>
    <subfield code="9">961</subfield>
  </datafield>
  <datafield tag="650" ind1=" " ind2="6">
    <subfield code="a">Presupuesto.</subfield>
    <subfield code="9">960</subfield>
  </datafield>
  <datafield tag="942" ind1=" " ind2=" ">
    <subfield code="2">ddc</subfield>
  </datafield>
  <datafield tag="999" ind1=" " ind2=" ">
    <subfield code="c">12160</subfield>
    <subfield code="d">12160</subfield>
  </datafield>
  <datafield tag="952" ind1=" " ind2=" ">
    <subfield code="0">0</subfield>
    <subfield code="1">0</subfield>
    <subfield code="2">ddc</subfield>
    <subfield code="4">0</subfield>
    <subfield code="7">1</subfield>
    <subfield code="8">002</subfield>
    <subfield code="a">MEVIECAR</subfield>
    <subfield code="b">MEVIECAR</subfield>
    <subfield code="d">2015-12-03</subfield>
    <subfield code="l">0</subfield>
    <subfield code="o">R 330  A71a</subfield>
    <subfield code="p">29078</subfield>
    <subfield code="r">2015-12-03 00:00:00</subfield>
    <subfield code="t">Ej. 1</subfield>
    <subfield code="w">2015-12-03</subfield>
    <subfield code="y">BK</subfield>
  </datafield>
</record>
